000 00442nmm a2200157Ia 4500
008 251105s9999||||xx |||||||||||||||||und||
041 _aspa
100 _aPrados, Emilio
245 0 _aJardín cerrado
264 _a[Washington, Estados Unidos] :
_bDigitalia Publishing,
_c2013
300 _a316 páginas
490 _aLetras de Plata
650 _aSpanish poetry
856 _uhttps://public.digitaliapublishing.com/a/30353
942 _cCF
999 _c99762
_d99762